<?xml version="1.0" encoding="UTF-8"?>
<record
    xmlns:xsi="http://www.w3.org/2001/XMLSchema-instance"
    xsi:schemaLocation="http://www.loc.gov/MARC21/slim http://www.loc.gov/standards/marcxml/schema/MARC21slim.xsd"
    xmlns="http://www.loc.gov/MARC21/slim">

  <leader>01598nam a22001577a 4500</leader>
  <datafield tag="999" ind1=" " ind2=" ">
    <subfield code="c">525943</subfield>
    <subfield code="d">525943</subfield>
  </datafield>
  <controlfield tag="008">240426b           ||||| |||| 00| 0 eng d</controlfield>
  <datafield tag="100" ind1=" " ind2=" ">
    <subfield code="a">Kibris, O., Masatlioglu. Y. and Suleymanov, E. </subfield>
    <subfield code="9">51892</subfield>
  </datafield>
  <datafield tag="245" ind1=" " ind2=" ">
    <subfield code="a">A random reference model</subfield>
  </datafield>
  <datafield tag="260" ind1=" " ind2=" ">
    <subfield code="a">American Economic Journal: Microeconomics   </subfield>
  </datafield>
  <datafield tag="300" ind1=" " ind2=" ">
    <subfield code="a">16(1), Feb, 2024: p.155-209</subfield>
  </datafield>
  <datafield tag="520" ind1=" " ind2=" ">
    <subfield code="a">This study introduces two nested models of random reference-dependent choice, where the reference point is determined by random processes. Despite the randomness in reference points, choices appear deterministic to decision-makers. The analysis includes a revealed preference framework to identify reference-dependent preferences and the random reference rule from observed choice data. Behavioral postulates are formulated to outline the empirical content of these models, ensuring their theoretical robustness. Furthermore, the study explores the application of these models to Bertrand competition with differentiated products, highlighting their practical relevance. These findings contribute to a deeper understanding of random reference-dependent behavior and its implications in both theoretical and applied contexts, such as market competition and consumer choice theory.- Reproduced 

https://www.aeaweb.org/articles?id=10.1257/mic.20220089
</subfield>
  </datafield>
  <datafield tag="650" ind1=" " ind2=" ">
    <subfield code="a">Random Reference-Dependent Choice, Deterministic Choices, Revealed Preference, Behavioral Postulates, Empirical Models, Bertrand Competition, Differentiated Products</subfield>
    <subfield code="9">51893</subfield>
  </datafield>
  <datafield tag="773" ind1=" " ind2=" ">
    <subfield code="a">American Economic Journal: Microeconomics   </subfield>
  </datafield>
  <datafield tag="906" ind1=" " ind2=" ">
    <subfield code="a">DECISION MAKING</subfield>
  </datafield>
  <datafield tag="942" ind1=" " ind2=" ">
    <subfield code="c">AR</subfield>
  </datafield>
  <datafield tag="952" ind1=" " ind2=" ">
    <subfield code="0">0</subfield>
    <subfield code="1">0</subfield>
    <subfield code="2">ddc</subfield>
    <subfield code="4">0</subfield>
    <subfield code="7">0</subfield>
    <subfield code="9">400997</subfield>
    <subfield code="a">IIPA</subfield>
    <subfield code="b">IIPA</subfield>
    <subfield code="d">2024-04-26</subfield>
    <subfield code="h">16(1), Feb, 2024: p.155-209</subfield>
    <subfield code="p">AR131736</subfield>
    <subfield code="r">2024-04-26</subfield>
    <subfield code="y">AR</subfield>
  </datafield>
</record>
